header

Clinton's world (Record no. 784)

MARC details
000 -LEADER
fixed length control field 01208nam a2200301 a 4500
082 04 - DEWEY DECIMAL CLASSIFICATION NUMBER
Classification number 327.73/009/049
100 1# - MAIN ENTRY--AUTHOR NAME
Personal name Hyland, William G.
245 10 - TITLE STATEMENT
Title Clinton's world
260 ## - PUBLICATION, DISTRIBUTION, ETC. (IMPRINT)
Place of publication Westport, Conn :
Name of publisher Praeger,
Year of publication 1999.
300 ## - PHYSICAL DESCRIPTION
Number of Pages 220 p.
856 40 - ELECTRONIC LOCATION AND ACCESS
Uniform Resource Identifier http://site.ebrary.com/lib/rucke/Doc?id=5004448

No items available.

© 2026 Rongo University
Contact us: librarian | system librarian | Rongo university